Modern-Day Countries of the Danzig Colonies - Statistics

General Stats
  • This quiz has been taken 42 times
  • The average score is 12 of 34
Answer Stats
% Country % Correct
<1 Russia
75%
45 United States
72%
>99 China
67%
3 Canada
58%
80 India
56%
15 Indonesia
47%
100 Mongolia
47%
90 Brazil
44%
100 Nepal
44%
100 North Korea
44%
100 South Korea
44%
20 Pakistan
42%
100 Bhutan
39%
100 Iran
39%
70 South Africa
39%
100 Bangladesh
33%
55 Sri Lanka
31%
85 Ecuador
28%
20 Ethiopia
28%
100 Niger
28%
100 Peru
28%
100 Portugal
28%
5 Spain
28%
100 Iceland
25%
20 Benin
22%
100 Burkina Faso
22%
95 Djibouti
22%
100 Eswatini
22%
25 Maldives
22%
5 Mozambique
22%
100 Lesotho
19%
5 Liberia
19%
100 Mali
19%
17 Mauritania
17%
No matching quizzes found
Score Distribution
Percent of People with Each Score
Percentile by Number Answered
Your Score History
You have not taken this quiz